Room division management & cost control: (Record no. 8728)

MARC details
000 -LEADER
fixed length control field 00845nam a22002417a 4500
003 - CONTROL NUMBER IDENTIFIER
control field OSt
005 - DATE AND TIME OF LATEST TRANSACTION
control field 20260306081601.0
008 - FIXED-LENGTH DATA ELEMENTS--GENERAL INFORMATION
fixed length control field 260306b |||||||| |||| 00| 0 eng d
020 ## - INTERNATIONAL STANDARD BOOK NUMBER
International Standard Book Number 978-621-406-367-3
040 ## - CATALOGING SOURCE
Original cataloging agency DWCL Main lib
Transcribing agency OC
082 ## - DEWEY DECIMAL CLASSIFICATION NUMBER
Classification number Fil. 338.4 M375r 2024
100 ## - MAIN ENTRY--PERSONAL NAME
Personal name Marte-Lago, Elpedia Masan
245 ## - TITLE STATEMENT
Title Room division management & cost control:
Remainder of title a comprehensive guide to hospitality operations
Statement of responsibility, etc. Elpedia Masan Marte-Lago
260 ## - PUBLICATION, DISTRIBUTION, ETC.
Place of publication, distribution, etc. Manila, Philippines:
Name of publisher, distributor, etc. Mindshapers,
Date of publication, distribution, etc. c2024.
300 ## - PHYSICAL DESCRIPTION
Extent x, 178 pages:
Other physical details illustrations;
Dimensions 23cm.
504 ## - BIBLIOGRAPHY, ETC. NOTE
Bibliography, etc. note Includes bibliographical references.
650 ## - SUBJECT ADDED ENTRY--TOPICAL TERM
Topical term or geographic name entry element 1. Hospitality industry -- Cost control.
650 ## - SUBJECT ADDED ENTRY--TOPICAL TERM
Topical term or geographic name entry element 2. Cost control.
650 ## - SUBJECT ADDED ENTRY--TOPICAL TERM
Topical term or geographic name entry element 3. Hotel management.
700 ## - ADDED ENTRY--PERSONAL NAME
Personal name Paul Timothy A. Clemente
700 ## - ADDED ENTRY--PERSONAL NAME
Personal name Maria Rhoda Dinaga
942 ## - ADDED ENTRY ELEMENTS (KOHA)
Source of classification or shelving scheme Dewey Decimal Classification
Koha item type Book-Filipiniana
Call number prefix Fil.
Suppress in OPAC No
952 ## - LOCATION AND ITEM INFORMATION (KOHA)
--
Holdings
Withdrawn status Lost status Source of classification or shelving scheme Damaged status Not for loan Home library Current library Shelving location Date acquired Source of acquisition Cost, normal purchase price Total Checkouts Full call number Barcode Date last seen Copy number Price effective from Koha item type Uniform Resource Identifier
    Dewey Decimal Classification     College Library HM & Nursing Library Filipiniana 02/04/2026 School Fund 365.00   Fil. 338.4 M375r 2024 CL54646 03/06/2026 c1 03/06/2026 BK - FIL